MDQL
is popping MORE tags! Check the
thread
!
Quizzes
Events
Quiz Creation
Community
Videos
Private Events
Remove Ads
Sign In
Join for FREE
Feedback
Dark Mode
Quiz Categories
Sports
Geography
Music
Movies
Television
Just For Fun
Miscellaneous
History
Literature
Language
Science
Gaming
Entertainment
Religion
Holiday
For Kids
Quiz Lab
Recent
Popular Today
Quiz Kudos Today
Editor Picks
Curator Picks
Quizzes by...
Day
Popularity
Type
Ratings
Length
Year
Community
Subscriptions
Recent Discussions
Orange Saloon
Badges
Playlists
Quests
Create
Leaderboards
Showdown
Live 5
Trivia Bingo
Activity
Puzzle Library
Sporcle Events
Private Events
Virtual Trivia
Globe League
Become a Host
Pub Owners
SporcleCon
Opinionation
Our Games
Videos
Blog
Mobile Apps
Partnerships
Remove Ads and Go Orange
Feedback
Miscellaneous
Crossword
General Knowledge
Baby Names
Logo
Food
Cars
Numbers
Grab Bag
University
College
Popular
Company
Slogans
Restaurants
Justice
Letter
Miscellaneous
Crossword
General Knowledge
Baby Names
Logo
Food
Cars
Numbers
Grab Bag
University
College
Popular
Company
Slogans
Restaurants
Justice
Letter
Random Quiz
Search Sporcle
×
Quiz Lab
Quiz Lab
Miscellaneous
plu
Type in answers that appear in a list
Type in answers that appear in a list
Classic
Best Score? Go Orange.
Plu Codes Quiz Stats
Can you assign PLU codes for each produce?
By
erivan950
10m
94 Questions
387 Plays
387 Plays
387 Plays
Comments
Comments
Give Quiz Kudos
Give Quiz Kudos
-
- Ratings
hide this ad
More Info
Forced Order
Answers have to be entered in order
Answers have to be entered in order
Random Order
Randomize order of answers
Randomize order of answers
Replay
Link that replays current quiz
Next Quiz
Link to next quiz in quiz playlist
You Got
0%
They Got
Avg Score
59%
Avg Friend Score
Upgrade to see
Score Distribution
Jump to the score distribution portion of the page
Score
0/94
Timer
10:00
0
Plays Today
Produce
Code
% Correct
Banana
4011
90.7%
Lime
4048
82.6%
Asparagus
4080
82.1%
Lemon
4053
81.6%
Cilantro
4889
81.1%
Cantaloupe
4050
79.8%
Kiwi
4030
77.7%
Green Onions
4068
77.5%
Regular Cucumber
4062
77.2%
Ginger Root
4612
77.2%
On the Vine
4664
77.2%
Red Onions
4082
76.9%
Green Bell Pepper
4065
75.1%
Zucchini Squash
4067
75.1%
Avocado
4225
74.6%
Cauliflower
4079
74.6%
White Onions
4663
73.8%
Garlic
4608
73.6%
Russet Potatoes
4072
73.6%
Green Beans
4066
73.3%
Roma Tomatoes
4087
73.1%
Orange Bell Pepper
3121
72.8%
Iceberg Lettuce
4061
72.5%
Eggplant
4081
72%
Red Potatoes
4073
71.5%
Yellow Bell Pepper
4689
71%
Green Cabbage
4069
70.7%
Green Leaf Lettuce
4076
70.5%
Cherries
4045
70.2%
Kale
4627
70.2%
Red Leaf Lettuce
4075
69.9%
English Cucumber
4593
69.7%
Produce
Code
% Correct
Watermelon
4032
69.2%
Brussels Sprouts
4550
68.9%
Celery
4070
68.4%
Romaine Lettuce
4640
68.4%
Spinach
4090
68.1%
Black Plum
4040
67.9%
Jalapeno Chili
4693
67.6%
Radishes
4089
67.6%
Parsley
4899
67.4%
Bok Choy
4545
66.3%
Hot House Tomatoes
4799
66.1%
Red Bell Pepper
4088
65.3%
Mango
4959
63.7%
Red Cabbage
4554
63%
Yellow Sweet Onions
4166
62.2%
Broccoli Crowns
3082
61.9%
Rutabaga
4747
61.7%
White Potatoes
4083
61.4%
Yellow Corn
4078
60.9%
Carrots
4562
60.6%
White Mushrooms
4085
60.4%
Shallots
4662
59.6%
Butternut Squash
4759
59.1%
Gold Potatoes
4727
58.8%
Honeydew
4034
58.5%
Red Plum
4042
58.5%
Acorn Squash
4750
57.8%
Napa Cabbage
4552
57.3%
Leek
4629
56.5%
Serrano Chili
4709
56.5%
Beets
4539
54.9%
Crimini Mushrooms
4648
54.7%
Produce
Code
% Correct
Jumbo Yellow Onions
4093
53.6%
White Corn
4077
53.4%
Apricot
4218
53.1%
Parsnip
4672
52.1%
Orange Yams
4816
49.7%
Anaheim Chili
4677
49.5%
Pomegranate
3127
48.4%
Snow Peas
4092
48.2%
Collard Greens
4614
46.6%
Turnip
4811
46.6%
Sugar Snap Peas
4675
46.4%
Tomatillos
4801
45.9%
Red Yams
4074
45.6%
Jicama
4626
43.8%
Artichoke
4084
43.3%
Spaghetti Squash
4776
40.9%
White Nectarine
3035
39.4%
Mustard Green
4616
38.1%
Habanero Chili
3125
37.3%
Portobello Mushrooms
4650
36.3%
Yellow Peach
4038
34.7%
Yucca Root
4819
33.7%
Yellow Nectarine
4036
33.4%
Coconut
4261
32.6%
Butter Lettuce
4632
31.9%
Mint
4896
29%
Watercress
4815
25.9%
Basil
4885
25.4%
Yellow Chili
4772
22.5%
White Peach
3314
22%
Quiz Playlist
Details
Report
Send in Message
Add To Playlist
More Info:
Assign each produce the correct PLU code.
Classic:
Type in answers that appear in a list
Forced Order:
Answers have to be entered in order
Random Order:
Randomize order of answers
Last Updated: Feb 16, 2017
Quiz Scoreboard
CHALLENGE
Sign Up to Join the Scoreboard
Show All
Scores
Hide
Comments
May contain spoilers
Recently Published
Image Sorting: Flags VI
by Barbecue
Geography
2m
Find the 'City' Movie
by crazypaving
Movies
60s
Colored Red Africa Blitz
by spor1
Geography
45s
More to Explore
Quiz From the Vault
Featured Blog Post
14 Easter Pick-up Lines to Find Eggs With
hide this ad
You Might Also Like...
Tags
code
plu
produce
Today's Top Quizzes in Miscellaneous
Browse Miscellaneous
hide this ad
Today's Top Quizzes in plu
Browse plu
Top Contributed Quizzes in Miscellaneous
1
The JOE quick-fire general knowledge quiz: Day 174
2
5-to-1: Fast Food
3
9x9 Crossword: Disney Movie Titles
4
9x9 Crossword: Charlie and the Chocolate Factory
5
The JOE quick-fire general knowledge quiz: Day 173
6
9x9 Crossword: Actors
7
9x9 Crossword: 2022 Movies
8
9x9 Crossword: The Simpsons
9
9x9 Crossword: Flags
10
9x9 Crossword: Pixar Movie Titles
Explore More
Trending Topics
Disney
Harry Potter
Crossword
NBA
Anime
Kpop
Marvel
NFL
Soccer
Pokémon
WWE
Song
The Office
Country
Puzzle
hide this ad
More By:
erivan950
Quiz
Plays
Rating
Category
Featured
Created
Plu Codes Quiz
387
Miscellaneous
Mar 29, 2016
Go to Creator's Profile
Score Distribution
Quiz Creator Spotlight
erivan950
Follow
Send a Message
Quizzes Created
-
Created Quiz Play Count
-
More By This Creator
Popular Quizzes Today
1
Colored Red Africa Blitz
2
Find the US States - No Outlines Minefield
3
Find the 'City' Movie
4
5x2 Blitz: Bands
5
The Countries of the World
6
Find the US States
7
Find the Countries of Europe - No Outlines Minefield
8
US States
More Miscellaneous Quizzes
'D' Logo Minefield
Published
Trending Quizzes
Colored Red Europe Blitz I
Colored Red Europe Blitz II
Colored Red Africa Blitz II
Colored Red Europe Blitz III
Colored Red Africa Blitz III
Recently Updated
How Do You Spell That?
pecheneg
Godzilla Movies
pecheneg
Grab Bag: 4-10 Letters
pecheneg
2024 March Madness Bracket
pecheneg
Famous TV Couples
Peacemaker
Champions League XIs: Real Madrid
pecheneg
Largest US Cities 1790-2010
pecheneg
Rides in Walt Disney World
pecheneg
Most Oscar Losses (Acting)
pecheneg
Beyoncé Albums
pecheneg
Trending Topics
Harry Potter
NBA
Anime
Crossword
Marvel
Disney
Kpop
NFL
Soccer
Song
The Office
Puzzle
Country
WWE
Pokémon
Your Account Isn't Verified!
In order to create a playlist on Sporcle, you need to verify the email address you used during registration. Go to your
Sporcle Settings
to finish the process.
Report this User
Report this user for behavior that violates our
Community Guidelines
.
Details:
Send Report
Go to the Sporcle.com Mobile Site →
Comments